[Event "46th ch-JPN"]
[Site "Tokyo JPN"]
[Date "2013.05.02"]
[Round "3.7"]
[White "Fukuda,T"]
[Black "Shiomi,R"]
[Result "1/2-1/2"]
[WhiteElo "1934"]
[BlackElo "2109"]

1.e4 d5 2.exd5 Qxd5 3.Nc3 Qd6 4.d4 Nf6 5.Bg5 a6 6.Nf3 Nbd7 7.Bd3 e6 8.O-O Be7
9.Qd2 b5 10.a4 b4 11.Ne4 Qc6 12.Rfe1 Bb7 13.Nxf6+ Nxf6 14.Bxf6 gxf6 15.Be4 Qb6
16.a5 Qa7 17.c4 O-O-O 18.Qf4 Rhg8 19.Bxh7 Rg7 20.Be4 f5 21.Bxb7+ Qxb7 22.c5 Rg4
23.Qe3 Bf6 24.g3 Re4 25.Qb3 Rxe1+ 26.Rxe1 Bxd4 27.Nxd4 Rxd4 28.Rc1 Qe4 29.Qa4 c6
30.Rd1 e5 31.Qb3 Rxd1+ 32.Qxd1 Qc4 33.Qd6 Qc1+ 34.Kg2 Qxb2 35.Qf8+ Kd7 36.Qxf7+ Kc8
37.Qf8+ Kc7 38.Qd6+ Kb7 39.Qd7+ Kb8 40.Qd8+ Kb7 41.Qb6+  1/2-1/2

[Event "Asian Zonal 3.1 w 2013"]
[Site "Doha QAT"]
[Date "2013.05.04"]
[Round "1.3"]
[White "Al Khelaifi,A"]
[Black "Al Khelaifi,S"]
[Result "1/2-1/2"]
[WhiteElo "1681"]
[BlackElo "1810"]

1.e4 d5 2.exd5 Qxd5 3.Nc3 Qd6 4.Bc4 Nf6 5.d4 a6 6.a3 b5 7.Bb3 Bb7 8.f3 Nbd7
9.Nge2 e5 10.dxe5 Nxe5 11.Qxd6 Bxd6 12.Be3 O-O 13.O-O Rfe8 14.Bg5 Nfd7 15.Rad1 h6
16.Bh4 Ng6 17.Bg3 Nde5 18.Bd5 Bxd5 19.Rxd5 Nc4 20.Bxd6 cxd6 21.Rd3 Nge5 22.Rd4 Nxb2
23.Rxd6 Nbc4 24.Rd4 Nxa3 25.Rc1 Red8 26.Nb1 Nxb1 27.Rxb1 Rxd4 28.Nxd4 Rd8
29.Nb3 Nc4 30.Ra1 Rd6  1/2-1/2

[Event "46th ch-JPN"]
[Site "Tokyo JPN"]
[Date "2013.05.04"]
[Round "7.3"]
[White "Inoue,S"]
[Black "Shiomi,R"]
[Result "0-1"]
[WhiteElo "2038"]
[BlackElo "2109"]

1.e4 d5 2.exd5 Qxd5 3.Nc3 Qd8 4.d4 Nf6 5.h3 e6 6.Nf3 c5 7.Bg5 Be7 8.dxc5 O-O
9.Qxd8 Rxd8 10.Be3 Nc6 11.Bb5 Nb4 12.Ba4 Bd7 13.a3 Bxa4 14.axb4 Bxc2 15.O-O a6
16.Rfc1 Bd3 17.Ne5 Rac8 18.Ra3 Bg6 19.Ra5 Nd7 20.Nxg6 hxg6 21.Na4 Ne5 22.Nb6 Rc6
23.b5 axb5 24.b4 Nd3 25.Rb1 f5 26.Rxb5 f4 27.Bc1 Bh4 28.Bxf4 Nxf4 29.g3 Ne2+
30.Kf1 Nc3  0-1

[Event "46th ch-JPN"]
[Site "Tokyo JPN"]
[Date "2013.05.04"]
[Round "7.10"]
[White "Tanaka,T"]
[Black "Sugimoto,K"]
[Result "1-0"]
[WhiteElo "1838"]
[BlackElo "1989"]

1.e4 d5 2.exd5 Qxd5 3.Nc3 Qd6 4.Nf3 Nf6 5.d4 c6 6.Bc4 Bg4 7.Be3 e6 8.h3 Bh5
9.g4 Bg6 10.Ne5 Nbd7 11.Nxg6 hxg6 12.Qf3 Nb6 13.Bb3 Nbd5 14.g5 Nxc3 15.gxf6 Nd5
16.fxg7 Bxg7 17.O-O-O Rh5 18.Rhe1 Rf5 19.Qg4 O-O-O 20.c4 Nxe3 21.fxe3 Qb4
22.Re2 a5 23.Kb1 a4 24.Bc2 Ra5 25.Rf2 a3 26.Bb3 Rf5 27.bxa3 Qxa3 28.Rb2 Qe7
29.Bc2 Rf2 30.Qg3 Qf6 31.Rb3 Rf3 32.Qe1 Qe7 33.Qa5 Qc7 34.Qa8+ Qb8 35.Qa4 Rxh3
36.Be4 Qc7 37.d5 cxd5 38.cxd5 Kb8 39.Rc1 Qd7 40.dxe6 Qxa4 41.Rxb7+ Ka8 42.Rb4+ Ka7
43.Rxa4+ Kb6 44.Rb4+ Ka5 45.e7 Re8 46.Rb7 Rxe3 47.Rc4 Rh8 48.Bc6 Re1+ 49.Kc2 Rh2+
50.Kd3 Rd1+ 51.Ke3  1-0

[Event "Glenco IM 2013"]
[Site "Fredericia DEN"]
[Date "2013.05.05"]
[Round "8.1"]
[White "Pavlovic,Milos"]
[Black "Fries Nielsen,JO"]
[Result "1-0"]
[WhiteElo "2504"]
[BlackElo "2383"]

1.e4 d5 2.exd5 Qxd5 3.Nc3 Qd8 4.d4 g6 5.Bc4 Bg7 6.Nf3 Nh6 7.Bxh6 Bxh6 8.Qe2 Nc6
9.d5 Na5 10.Bb5+ c6 11.dxc6 Nxc6 12.Rd1 Qa5 13.Ne5 O-O 14.Nc4 Qc7 15.Nd5 Qb8
16.Bxc6 bxc6 17.Nxe7+ Kh8 18.Nxc8 Qxc8 19.O-O Qa6 20.Rfe1 Rae8 21.Qxe8 Rxe8
22.Rxe8+ Kg7 23.Re4 Qxa2 24.g3 Qa4 25.Rd7 Qxc2 26.Nd6 Qd1+ 27.Kg2 Kg8 28.Re8+ Bf8
29.Rdd8 Qd5+ 30.Ne4 Qa2 31.Rxf8+ Kg7 32.Ng5 f6 33.Ne4 Qxb2 34.Nxf6 Qb4 35.h4 h5
36.Nh7 Qe4+ 37.Kh2 Kxh7 38.Rd7+ Kh6 39.Rh8+  1-0

[Event "Mukachevo Rating 18 2013"]
[Site "Mukachevo UKR"]
[Date "2013.05.05"]
[Round "9.1"]
[White "Volovikov,An"]
[Black "Sevostianov,P"]
[Result "1/2-1/2"]
[WhiteElo "2334"]
[BlackElo "2288"]

1.e4 d5 2.exd5 Qxd5 3.Nc3 Qd6 4.d4 Nf6 5.Nf3 g6 6.Bc4 Bg7 7.O-O O-O 8.Ne5 a6
9.Bf4 Qd8 10.a4 Nbd7 11.Qf3 Nb6 12.Bb3 c6 13.Rfe1 Nbd5 14.Nxd5 cxd5 15.Bg5 Be6
16.Bh4 Qb6 17.Rad1 Rac8 18.h3  1/2-1/2

[Event "14th Euro Indiv 2013"]
[Site "Legnica POL"]
[Date "2013.05.08"]
[Round "4.139"]
[White "Gebigke,M"]
[Black "Szonyi,Bence"]
[Result "1-0"]
[WhiteElo "2158"]
[BlackElo "1651"]

1.e4 d5 2.exd5 Qxd5 3.Nc3 Qd6 4.d4 c6 5.Nf3 g6 6.Bc4 Nf6 7.Ng5 e6 8.g3 b5
9.Qf3 Bg7 10.Nxb5 cxb5 11.Bxb5+ Ke7 12.Qxa8 Qb4+ 13.Bd2 Qxb5 14.Qxa7+ Qb7
15.Qa3+ Ke8 16.O-O-O Ne4 17.Nxe4 Qxe4 18.Bg5 f6 19.Rhe1 Qd5 20.Re5 Bf8 21.Rxd5 Bxa3
22.Ra5 fxg5 23.Rxa3 Bd7 24.d5 Ke7 25.Ra7 Rd8 26.Re1 Kd6 27.dxe6 Bxe6 28.Rxh7 Rd7
29.Rxd7+ Nxd7 30.a4 Ne5 31.f4 gxf4 32.gxf4 Nf3 33.Re2  1-0

[Event "14th Euro Indiv 2013"]
[Site "Legnica POL"]
[Date "2013.05.09"]
[Round "5.127"]
[White "Vuilleumier,A"]
[Black "Wenzel,B"]
[Result "1-0"]
[WhiteElo "2319"]
[BlackElo "2110"]

1.e4 d5 2.exd5 Qxd5 3.Nc3 Qd6 4.d4 Nf6 5.Nf3 c6 6.Bd3 Bg4 7.Ne4 Nxe4 8.Bxe4 e6
9.c3 Nd7 10.Bg5 Be7 11.Bxe7 Qxe7 12.h3 Bxf3 13.Qxf3 O-O 14.O-O Nf6 15.Bc2 Nd7
16.Rfe1 Nf6 17.Re5 Rad8 18.Rae1 g6 19.g4 Rd5 20.R5e2 Kg7 21.Bb3 Rd6 22.Qg3 Ne8
23.Kg2 Qd8 24.h4 Nc7 25.h5 Na8 26.g5 h6 27.gxh6+ Kxh6 28.hxg6 Qg5 29.Qxg5+ Kxg5
30.gxf7 Nc7 31.Bxe6 Nxe6 32.Rxe6 Rxe6 33.Rxe6 Rxf7 34.Re3  1-0

[Event "HC Andersen Open 2013"]
[Site "Odense DEN"]
[Date "2013.05.09"]
[Round "2.17"]
[White "Johansen,J"]
[Black "Erikstad,O"]
[Result "1-0"]
[WhiteElo "2002"]
[BlackElo "1836"]

1.e4 d5 2.exd5 Qxd5 3.Nc3 Qd6 4.d4 a6 5.Nf3 Nf6 6.Be2 Nc6 7.O-O Bf5 8.a3 Rd8
9.Be3 Ng4 10.Qd2 e5 11.d5 Ne7 12.Rad1 Ng6 13.h3 Nxe3 14.Qxe3 Bxc2 15.Rd2 Bf5
16.g4 Bd7 17.Ne4 Qe7 18.d6 cxd6 19.Nxd6+ Qxd6 20.Rxd6 Bxd6 21.Qb6 Bc6 22.Qe3 O-O
23.Nd2 Nf4 24.Rc1 Rfe8 25.Bf1 Bc7 26.Ne4 Rd4 27.Ng3 Red8 28.Nf5 Nd5 29.Qg5 g6
30.Nxd4 exd4 31.Re1 Nf4 32.Re7 Bd6 33.Rxf7 Kxf7 34.Qxd8 Be5 35.Qg5 Ke6 36.Bc4+ Bd5
37.Bxd5+ Kxd5 38.Qd8+ Ke4 39.Qc8 Ne2+ 40.Kf1 Kd3 41.Qe6 Kc2 42.Qxe5 d3 43.Qe4 Nc1
44.Ke1 Kxb2 45.Kd1 b5 46.Qd4+ Kxa3 47.Kxc1 a5 48.Qxd3+ Ka4 49.Kb2 Kb4 50.Qc3+  1-0

[Event "Tschaturanga Open 2013"]
[Site "Vienna AUT"]
[Date "2013.05.09"]
[Round "4.6"]
[White "Gratze,M"]
[Black "Wukits,R"]
[Result "0-1"]
[WhiteElo "2001"]
[BlackElo "2292"]

1.e4 d5 2.exd5 Qxd5 3.Nc3 Qd6 4.d4 a6 5.Nf3 Nf6 6.g3 Bg4 7.Bg2 e6 8.O-O Nc6
9.Bf4 Qd8 10.h3 Bxf3 11.Qxf3 Be7 12.Rad1 O-O 13.d5 exd5 14.Nxd5 Nxd5 15.Rxd5 Qc8
16.c3 Rd8 17.Rfd1 Bf8 18.Qg4 Rxd5 19.Rxd5 Qe8 20.Qd1 Rc8 21.h4 Qe6 22.Bf3 Ne7
23.Rd7 c6 24.b3 Nd5 25.Bxd5 Qxd7 26.Bf3 Qxd1+ 27.Bxd1 g6  0-1

[Event "FSIMA May 2013"]
[Site "Budapest HUN"]
[Date "2013.05.10"]
[Round "7.5"]
[White "Bouzidi,Ahmed"]
[Black "Radlovacki,J"]
[Result "0-1"]
[WhiteElo "2161"]
[BlackElo "2423"]

1.e4 d5 2.exd5 Qxd5 3.Nc3 Qd8 4.Nf3 Bg4 5.Bc4 e6 6.h3 Bh5 7.Qe2 Bxf3 8.Qxf3 c6
9.O-O Nf6 10.d3 Nbd7 11.Re1 Be7 12.Bf4 O-O 13.Ne4 Nd5 14.Bg3 a5 15.d4 Nb4
16.Qd1 b5 17.Bf1 a4 18.a3 Nd5 19.Rc1 Qb6 20.c3 Rad8 21.Qe2 N7f6 22.Ng5 Qb7
23.Nf3 Nh5 24.Bh2 Nhf4 25.Qd2 Bd6 26.Ne5 Bxe5 27.Rxe5 Ng6 28.Ree1 Nb6 29.Bd3 Qd7
30.Qe2 Rfe8 31.Qh5 Nc4 32.Rc2 Qc8 33.f4 f5 34.Qe2 Nb6 35.Qf2 Qd7 36.Qf1 Qd5
37.Be2 Nc4 38.Bf3 Qd6 39.Qf2 Rc8 40.h4 Nf8 41.Rce2 Nd7 42.g4 Nf6 43.Qg2 c5
44.g5 Ne4 45.Bxe4 fxe4 46.Rxe4 Qf8 47.Qe2 Qf5 48.h5 cxd4 49.cxd4 Rc6 50.Kh1 Rd6
51.g6 h6 52.Rf1 Qd5 53.Re1 Rf8 54.Kg2 Rc6 55.Kg1 Rf6 56.Bg3 Ra6 57.Qg2 Qxh5
58.Rxe6 Raxe6 59.Rxe6 Qxg6 60.Rxf6 Qxf6 61.Qf2 Qf5 62.Qe2 Qb1+ 63.Be1 Kh7
64.d5 Qg6+ 65.Kh2 Qf5 66.Qf3 Nxb2 67.d6 Nc4 68.Bb4 Qc2+ 69.Kg3 Nxd6 70.Kh3 Ne4
71.Qe3 Nf6 72.Kg3 Nd5 73.Qe5 Qd3+ 74.Kh4 Nxb4 75.axb4 a3 76.Qe6 Qc2 77.Kh3 a2
78.f5 Qd3+ 79.Kh2 Qc4 80.Qg6+ Kh8 81.Qe8+ Qg8 82.Qe5 Qa8 83.Qa1 Qd5 84.f6 Qd6+
85.Kh3 Qxf6 86.Qxa2 Qc3+ 87.Kg4 Qxb4+ 88.Kf5 Qc5+ 89.Kg6 Qc6+ 90.Kh5 Qf3+  0-1

[Event "FSIMB May 2013"]
[Site "Budapest HUN"]
[Date "2013.05.10"]
[Round "7.1"]
[White "Atabayew,S"]
[Black "Szeberenyi,A"]
[Result "1-0"]
[WhiteElo "2134"]
[BlackElo "2325"]

1.e4 d5 2.exd5 Qxd5 3.Nc3 Qd6 4.d4 Nf6 5.Nf3 g6 6.Bc4 Bg7 7.O-O O-O 8.Ne5 Na6
9.Bf4 Qb6 10.Na4 Qa5 11.c3 Bd7 12.Nxd7 Nxd7 13.b4 Qf5 14.Bxa6 Qxf4 15.Bxb7 Rad8
16.g3 Qd6 17.f4 c6 18.Qf3 Nb8 19.Nc5 Qc7 20.a4 Rd5 21.Rab1 Rfd8 22.Qe2 e6
23.Ba6 Rxc5 24.dxc5 Nxa6 25.Qxa6 Bxc3 26.Qc4 Bd4+ 27.Kh1 Rd5 28.Rbd1 e5 29.fxe5 Qxe5
30.Rde1 Qg5 31.Qe2 Kg7 32.Qe7 Qxe7 33.Rxe7 Bf6  1-0

[Event "ch-USA w 2013"]
[Site "Saint Louis USA"]
[Date "2013.05.11"]
[Round "8"]
[White "Kats,A"]
[Black "Belakovskaia,A"]
[Result "1-0"]
[WhiteElo "2144"]
[BlackElo "2263"]

1.e4 d5 2.exd5 Qxd5 3.Nc3 Qd6 4.Nf3 Nf6 5.d4 c6 6.Be2 Bf5 7.O-O Nbd7 8.Bg5 h6
9.Bh4 Nd5 10.Nxd5 cxd5 11.Bb5 Rc8 12.Ne5 a6 13.Qf3 axb5 14.Qxf5 Qe6 15.Qxe6 fxe6
16.Nxd7 Kxd7 17.c3 g6 18.Rfe1 Bg7 19.a3 Rhf8 20.Bg3 Rf5 21.Re2 Rc6 22.Kf1 Ra6
23.Rd1 h5 24.Rd3 Bh6 25.Ke1 Ra8 26.Kd1 Bf4 27.Bxf4 Rxf4 28.Rde3 Rf6 29.Kc2 Ra4
30.f3 g5 31.Re5 Rg6 32.h4 gxh4 33.Rxh5 Rc4 34.Rxh4 e5 35.b3 Rc8 36.dxe5 Rgc6
37.Re3 Rg8 38.g4 Rgc8 39.g5 Rg8 40.f4 Ke6 41.Rd3 Rgc8 42.Kd2 Kf5 43.Rxd5 Rxc3
44.Rxb5 R3c7 45.e6+ Kxe6 46.f5+ Kf7 47.Kd3 Rd8+ 48.Ke4 Rd1 49.Ke5 Re1+ 50.Re4 Rg1
51.g6+ Kg7 52.a4 Rd1 53.b4 Rdc1 54.a5 Ra1 55.Rd5 Ra2 56.Ke6 b6 57.axb6 Ra6
58.Rd7 Rxb6+ 59.Kxe7 Rc8 60.Rh4 Rf8 61.Rh7+ Kg8 62.Rf7 Rbb8 63.Rxf8+ Rxf8
64.Rd8 Rxd8 65.Kxd8 Kf8 66.f6 Kg8 67.Ke7 Kh8 68.f7  1-0

[Event "ch-KGZ Men 2013"]
[Site "Bishkek KGZ"]
[Date "2013.05.12"]
[Round "4"]
[White "Davletbakov,S"]
[Black "Nurlanov,Zhakshylyk"]
[Result "0-1"]
[WhiteElo "2234"]
[BlackElo "1921"]

1.e4 d5 2.exd5 Qxd5 3.Nc3 Qd6 4.d4 Nf6 5.Nf3 c6 6.Ne5 Nbd7 7.Bf4 Nd5 8.Nxd5 Qxd5
9.Nf3 Nb6 10.Be2 Bf5 11.O-O Qe4 12.Bd2 Qxc2 13.Qe1 e6 14.b4 Qa4 15.Ng5 Be7
16.Bd1 Bc2 17.Bg4 O-O 18.Nxf7 Rxf7 19.Bxe6 Nd5 20.Qe2 Rf8 21.Rfe1 Bf5 22.Bxf7+ Rxf7
23.a3 a6 24.Qe5 Rf8 25.Qg3 Bf6 26.Bf4 Nxf4 27.Qxf4 Bg6 28.Qd6 Bf7 29.Rad1 Bd5
30.Qg3 Qc2 31.h3 Qb2 32.Qe3 h6 33.Rd2 Qb3 34.Rd3 Qc2 35.Re2 Qa4 36.Re1 Bg5
37.Qg3 Qc2 38.Rdd1 Bd2 39.Rf1 Bc4 40.Qg4  0-1

[Event "HC Andersen Open 2013"]
[Site "Odense DEN"]
[Date "2013.05.12"]
[Round "8.1"]
[White "Rozentalis,E"]
[Black "Danielsen,Hen"]
[Result "1/2-1/2"]
[WhiteElo "2611"]
[BlackElo "2500"]

1.e4 d5 2.exd5 Qxd5 3.Nc3 Qd6 4.d4 Nf6 5.Nf3 c6 6.h3 Bf5 7.g4 Bg6 8.Ne5 Nbd7
9.Nc4 Qc7 10.Qf3 Nb6 11.Bf4 Qd8 12.O-O-O e6 13.Ne5 Bb4 14.Bg2 Nbd5 15.Nxd5 Qxd5
16.Qxd5 Nxd5 17.Bg3 f6 18.Nxg6 hxg6 19.c4 Nb6 20.b3 O-O-O 21.Kb2 Na8 22.d5 cxd5
23.cxd5 e5 24.f4 exf4 25.Bxf4 Bd6 26.Be3 Rhe8 27.Rd3 g5 28.Bf3 Kb8 29.h4 gxh4
30.Rxh4 Nc7 31.g5 Nb5 32.gxf6 Be5+ 33.Kc1 gxf6 34.a4 Nd6 35.Kd1 Rh8 36.Rxh8 Rxh8
37.Bc5 Rh3  1/2-1/2

[Event "14th Euro Indiv 2013"]
[Site "Legnica POL"]
[Date "2013.05.13"]
[Round "8.63"]
[White "Nasuta,G"]
[Black "Esen,B"]
[Result "1/2-1/2"]
[WhiteElo "2299"]
[BlackElo "2557"]

1.e4 d5 2.exd5 Qxd5 3.Nc3 Qd6 4.d4 Nf6 5.Nf3 g6 6.g3 Bg7 7.Bg2 Qa6 8.Bf4 c6
9.Ne2 O-O 10.O-O Bg4 11.Re1 Nbd7 12.Ne5 Nxe5 13.Bxe5 Nd5 14.Bxg7 Kxg7 15.h3 Bxe2
16.Rxe2 e6 17.c3 Rad8 18.Qc2 Nf6 19.a4 Qb6 20.a5 Qc7 21.Qb3 a6 22.Qb4 Rfe8
23.Rae1 Nd5 24.Qc5 Nf6 25.Qb4 Rd7 26.Qc5 Rc8 27.Bf3 Qd6 28.Qxd6 Rxd6 29.Kf1 Rc7
30.Ra1 Kf8 31.Ke1 Ke7 32.b4 Nd7 33.Raa2 Nf6 34.Kd2 h5 35.Kc2 Rc8 36.Ra1 Kd7
37.Kb3 Kc7 38.Bg2 Nd5 39.Rf1 Rcd8 40.Kc2 R6d7 41.Kb3 Rh8  1/2-1/2

[Event "ch-KGZ Men 2013"]
[Site "Bishkek KGZ"]
[Date "2013.05.15"]
[Round "7"]
[White "Vilinsky,V"]
[Black "Isaev,Chingis"]
[Result "1-0"]
[WhiteElo "2076"]
[BlackElo "1832"]

1.e4 d5 2.exd5 Qxd5 3.Nc3 Qd6 4.g3 Nf6 5.Bg2 c6 6.d4 Bf5 7.Nf3 e6 8.O-O Be7
9.h3 h6 10.Bf4 Qd8 11.Re1 O-O 12.a3 Nbd7 13.Qe2 Re8 14.g4 Bh7 15.Bg3 Nb6
16.Rad1 Nbd5 17.Na2 Ne4 18.Bh2 Ndf6 19.Nd2 Nxd2 20.Rxd2 Bd6 21.Be5 Nd5 22.Bxd6 Qxd6
23.Qe5 Rad8 24.c4 Nf4 25.Bf1 Ng6 26.Qe3 Re7 27.Red1 Qc7 28.Nc3 Nf4 29.b4 a6
30.a4 h5 31.b5 hxg4 32.hxg4 Ng6 33.bxa6 bxa6 34.Ne4 Nf8 35.Nc5 a5 36.Rb2 Qa7
37.Bg2 Rc7 38.Be4 Nd7 39.Bxh7+ Kxh7 40.Ne4 Rh8 41.Nd6 Nb6 42.Rdb1 Nc8 43.Ne4 Rd8
44.Nc5 Nd6 45.Kg2 Rh8 46.Qg3 Ne8  1-0

[Event "Open Hradec Kralove 2013"]
[Site "Hradec Kralove CZE"]
[Date "2013.05.16"]
[Round "2"]
[White "Kirs,P1"]
[Black "Nemcova,Kamila"]
[Result "1/2-1/2"]
[WhiteElo "1747"]
[BlackElo "1505"]

1.e4 d5 2.exd5 Qxd5 3.Nc3 Qd6 4.d4 Nf6 5.Bc4 c6 6.Nge2 Bf5 7.Bf4 Qd8 8.Qd2 e6
9.O-O Bd6 10.Bb3 O-O 11.Rfe1 Qe7 12.Bxd6 Qxd6 13.Rad1 Nbd7 14.Ng3 Bg6 15.Nce2 Ne4
16.Qe3 Ndf6 17.Nxe4 Nxe4 18.Nf4 Nf6 19.Nxg6 hxg6 20.c4 Rfd8 21.Rd3 Rd7 22.Red1 Rad8
23.Qf3 Qb4 24.Rc1 Rxd4 25.a3 Rxd3 26.axb4 Rxf3 27.gxf3 Rd3 28.Rc3 Rd2 29.Rc2 Rd4
30.Kg2 Kf8 31.b5 cxb5 32.cxb5 Nd5 33.Rc8+ Ke7 34.Rb8 Nf4+ 35.Kg3 Ne2+ 36.Kg2 Rd7
37.Bc4 Nd4 38.Kg3 Nf5+ 39.Kg2 Nd6 40.b3 Rd8 41.Rxd8 Kxd8 42.Bd3 Kc7 43.Kg3 Kb6
44.Kf4 Nxb5 45.Ke5 Kc5 46.h4 Nd4 47.b4+ Kxb4 48.Kxd4 b5 49.f4 a5 50.Bc2 Ka3
51.Kc5 b4 52.Kb5 b3 53.Bb1 Kb2 54.Be4 a4 55.Kxa4 Kc3 56.Kb5 Kd4 57.Bb1 e5
58.fxe5 Kxe5 59.Kb4 Kf4 60.Kxb3 Kg4 61.Be4 Kxh4 62.Kc3 g5 63.Kd3 g4 64.Bd5 f5
65.Ke3 g5 66.f4 gxf3 67.Kxf3 Kh3 68.Be6  1/2-1/2

[Event "14th Euro Indiv 2013"]
[Site "Legnica POL"]
[Date "2013.05.16"]
[Round "11.109"]
[White "Szwed,J"]
[Black "Duman,A"]
[Result "1-0"]
[WhiteElo "2354"]
[BlackElo "2265"]

1.e4 d5 2.exd5 Qxd5 3.Nc3 Qd6 4.d4 c6 5.Nge2 Nf6 6.Bf4 Qd8 7.Ng3 Be6 8.Be2 Nbd7
9.O-O Nd5 10.Nxd5 cxd5 11.c4 g6 12.cxd5 Bxd5 13.Rc1 e6 14.Bc7 Qe7 15.Bf3 Bxf3
16.Qxf3 Bh6 17.Ne4 Bxc1 18.Bd6 Bg5 19.Bxe7 Bxe7 20.d5 e5 21.d6 Bd8 22.Qb3 Bb6
23.Qb5 O-O-O 24.Ng5 Rhf8 25.Nxf7 e4 26.Nxd8 Kxd8 27.Qd5 Nc5 28.Qg5+ Kc8 29.Rc1 Rf5
30.Qe7 Bd8  1-0

[Event "ch-Africa Open 2013"]
[Site "Tunis TUN"]
[Date "2013.05.20"]
[Round "3.11"]
[White "Van den Heever,D"]
[Black "Elarbi,A"]
[Result "1-0"]
[WhiteElo "2280"]
[BlackElo "2272"]

1.e4 d5 2.exd5 Qxd5 3.Nc3 Qd6 4.d4 c6 5.Nf3 Bg4 6.h3 Bxf3 7.Qxf3 Qxd4 8.Be3 Qd8
9.Rd1 Nd7 10.Bc4 Ngf6 11.O-O e6 12.Qg3 Nh5 13.Rxd7 Qxd7 14.Qe5 Nf6 15.Rd1 Qc8
16.Nb5 Nd5 17.Rxd5 cxd5 18.Nc7+ Qxc7 19.Qxc7 dxc4 20.Qxb7 Rd8 21.Qc6+ Rd7
22.Bxa7 Bd6 23.a4 Ke7 24.Bb6 Rb8 25.a5 Rdb7 26.Qxc4 Rxb6 27.axb6 Rxb6 28.b3 Rb4
29.Qc3 g6 30.g4 h5 31.gxh5 gxh5 32.Qe3 Rf4 33.c3 Kd7 34.b4 Kc6 35.Qe2 h4
36.Qa6+ Kc7 37.b5 Be5 38.b6+ Kd8 39.b7 Bb8 40.Qc6 Bc7 41.Qb6  1-0

[Event "Gligoric Cup 2013"]
[Site "Banja Koviljaca SRB"]
[Date "2013.05.21"]
[Round "2.2"]
[White "Ristic,Nen"]
[Black "Milanovic,Da"]
[Result "1-0"]
[WhiteElo "2432"]
[BlackElo "2487"]

1.e4 d5 2.exd5 Qxd5 3.Nc3 Qd6 4.d4 c6 5.Nf3 Bg4 6.h3 Bxf3 7.Qxf3 Qxd4 8.Bf4 e5
9.Bg5 Be7 10.Rd1 Qb6 11.Qg4 Qc7 12.Bxe7 Nxe7 13.Qxg7 Rg8 14.Qxh7 Nd7 15.Bc4 O-O-O
16.Qxf7 Nc5 17.Rxd8+ Qxd8 18.O-O Rf8 19.Rd1 Nd5 20.Qg7 Rg8 21.Qxe5 Nd7 22.Qd4  1-0

[Event "2nd Jan Van Leeuwen Memorial"]
[Site "Ghent BEL"]
[Date "2013.05.21"]
[Round "9.1"]
[White "Carlier,Sven"]
[Black "Van de Wynkele,E"]
[Result "1/2-1/2"]
[WhiteElo "1873"]
[BlackElo "2008"]

1.e4 d5 2.exd5 Qxd5 3.Nc3 Qd6 4.Nf3 Nf6 5.d4 c6 6.Bc4 Bg4 7.Be3 e6 8.h3 Bh5
9.g4 Bg6 10.Ne5 Qb4 11.Nxg6 hxg6 12.Bb3 Nbd7 13.g5 Ne4 14.Qd3 Rh4 15.O-O-O Nxc3
16.Qxc3 Qxc3 17.bxc3 O-O-O 18.Bc4 Nb6 19.Be2 Na4 20.Rd3 Ba3+ 21.Kb1 Be7 22.Bd2 Rd5
23.Rg3 a6 24.Rhg1 e5 25.Bc4 Rd6 26.Bb3 Nb6 27.Bxf7 exd4 28.c4 c5 29.Re1 Kd7
30.Ba5 Nc8 31.Re5 b6 32.Bd2  1/2-1/2

[Event "22nd TCh-CRO Cup 2013"]
[Site "Bol na Bracu CRO"]
[Date "2013.05.22"]
[Round "1.51"]
[White "Stevic,H"]
[Black "Goric,E"]
[Result "1-0"]
[WhiteElo "2637"]
[BlackElo "2349"]

1.e4 d5 2.exd5 Qxd5 3.Nc3 Qd6 4.d4 a6 5.Nf3 Nf6 6.g3 e6 7.Bg2 Be7 8.O-O O-O
9.Qe2 c6 10.Rd1 Qd8 11.Ne5 Nbd7 12.f4 Nb6 13.Be3 Nbd5 14.Bf2 Bd7 15.Na4 b5
16.Nc5 Be8 17.a4 a5 18.Rdc1 Rb8 19.Qe1 bxa4 20.c4 Nb4 21.Rxa4 Bd6 22.Qe2 Bc7
23.Rd1 Qc8 24.g4 Nd7 25.Rxb4 Bxe5 26.dxe5 Rxb4 27.g5 Nxc5 28.Bxc5 Qb8 29.Rd2 Rb7
30.Qd1 Qc7 31.Rd8 Rb8 32.Rxb8 Qxb8 33.Qd6 Bd7 34.Qxf8+ Qxf8 35.Bxf8 Kxf8
36.c5 Ke7 37.Kf2 Kd8 38.Be4 h6 39.Ke3 h5 40.g6 fxg6 41.Bxg6 Be8 42.Bd3 h4
43.Kd2 Bh5 44.Kc2 Bf3 45.Kb3 Bd1+ 46.Ka3  1-0

[Event "Asian Continental w 2013"]
[Site "Manila PHI"]
[Date "2013.05.22"]
[Round "5.9"]
[White "Sihite,Chelsie Monica"]
[Black "Perena,C"]
[Result "1/2-1/2"]
[WhiteElo "2290"]
[BlackElo "2170"]

1.e4 d5 2.exd5 Qxd5 3.Nc3 Qd6 4.d4 Nf6 5.g3 Bg4 6.f3 Bf5 7.Bf4 Qb4 8.Qd2 c6
9.O-O-O e6 10.h4 h6 11.g4 Bg6 12.Bd3 Bxd3 13.Qxd3 Nbd7 14.Bc7 Nb6 15.a3 Qe7
16.Bh2 Qd7 17.Nh3 Qc7 18.g5 Nh5 19.g6 O-O-O 20.gxf7 Qxf7 21.Rhe1 Bd6 22.Qe4 Rde8
23.Qg4 Rhf8 24.d5 Qxf3 25.Qxf3 Rxf3 26.dxc6 Bc5 27.cxb7+ Kxb7 28.Ng1 Rf4
29.Re4 Nf6 30.Rxf4 Be3+ 31.Kb1 Bxf4  1/2-1/2

[Event "Gligoric Cup 2013"]
[Site "Banja Koviljaca SRB"]
[Date "2013.05.23"]
[Round "4.1"]
[White "Kovacevic,A"]
[Black "Milanovic,Da"]
[Result "1/2-1/2"]
[WhiteElo "2555"]
[BlackElo "2487"]

1.e4 d5 2.exd5 Qxd5 3.Nc3 Qd6 4.d4 Nf6 5.Nf3 Nc6 6.Nb5 Qd8 7.d5 Nb4 8.c4 e6
9.Qa4 c6 10.dxc6 Nxc6 11.Be2 Bb4+ 12.Bd2 Bxd2+ 13.Nxd2 O-O 14.Nf3 e5 15.Qa3 Bg4
16.Rd1 Qb8 17.O-O e4 18.Nfd4 Nxd4 19.Nxd4 Rd8 20.h3 Bxe2 21.Nxe2 Qc7 22.Rxd8+ Rxd8
23.Qxa7 Qxc4 24.Nc3 Qb4 25.Qe3 Qxb2 26.Rb1 Qc2 27.Rc1 Qb2 28.Rb1 Qc2 29.Rc1 Qb2  1/2-1/2

[Event "Gligoric Cup 2013"]
[Site "Banja Koviljaca SRB"]
[Date "2013.05.23"]
[Round "4.7"]
[White "Vucinic,G"]
[Black "Stanojevic,B"]
[Result "1-0"]
[WhiteElo "2240"]
[BlackElo "2300"]

1.e4 d5 2.exd5 Qxd5 3.Nc3 Qd6 4.d4 a6 5.Nf3 Nf6 6.g3 b5 7.Bg2 Bb7 8.O-O Nbd7
9.a4 b4 10.Bf4 Qb6 11.a5 Qa7 12.Na4 Nd5 13.Bd2 e6 14.c4 bxc3 15.bxc3 Be7
16.Ne5 Nxe5 17.dxe5 Rd8 18.Rb1 Ba8 19.Qg4 O-O 20.c4 f5 21.Qh5 Qd4 22.Qe2 Bc6
23.Nb2 Bb4 24.Bxd5 Rxd5 25.Bxb4 Rxe5 26.Qd3 Qe4 27.Qxe4 Bxe4 28.Ra1 Rb8 29.Bc3 Rc5
30.f3 Bc2 31.Rac1 Bb3 32.Rfe1 Kf7 33.Nd3  1-0

[Event "22nd TCh-CRO Cup 2013"]
[Site "Bol na Bracu CRO"]
[Date "2013.05.23"]
[Round "2.42"]
[White "Rade,M"]
[Black "Kurajica,B"]
[Result "0-1"]
[WhiteElo "2446"]
[BlackElo "2514"]

1.e4 d5 2.exd5 Qxd5 3.Nc3 Qd6 4.d4 Nf6 5.Nf3 g6 6.Nb5 Qb6 7.a4 a6 8.Na3 Bg7
9.Nc4 Qa7 10.Nce5 O-O 11.Bc4 e6 12.O-O Nd5 13.Qe2 c5 14.Rd1 Nc6 15.c3 cxd4
16.cxd4 Nce7 17.a5 b5 18.axb6 Qxb6 19.Bd2 Nf5 20.Bxd5 exd5 21.Ba5 Qe6 22.Re1 f6
23.Nd3 Qxe2 24.Rxe2 Bd7 25.Nc5 Bb5 26.Ree1 Rfe8 27.Ne6 Rac8  0-1

[Event "22nd TCh-CRO Cup 2013"]
[Site "Bol na Bracu CRO"]
[Date "2013.05.23"]
[Round "2.32"]
[White "Zelcic,R"]
[Black "Jukic,Zd"]
[Result "1-0"]
[WhiteElo "2543"]
[BlackElo "2300"]

1.e4 d5 2.exd5 Qxd5 3.Nc3 Qd8 4.d4 Nf6 5.Nf3 Bf5 6.Bd3 Bxd3 7.Qxd3 c6 8.Bg5 e6
9.Bxf6 gxf6 10.O-O-O Na6 11.Kb1 Qa5 12.Ne4 Be7 13.Qe3 O-O-O 14.c4 Nc7 15.Rd3 h6
16.Rhd1 f5 17.Nc3 f6 18.a3 Qa6 19.d5 cxd5 20.cxd5 e5 21.Nh4 f4 22.Qh3+ Kb8
23.Ng6  1-0

[Event "22nd TCh-CRO Cup 2013"]
[Site "Bol na Bracu CRO"]
[Date "2013.05.23"]
[Round "3.71"]
[White "Zelic,Z"]
[Black "Mrdja,M"]
[Result "0-1"]
[WhiteElo "2382"]
[BlackElo "2377"]

1.e4 d5 2.exd5 Qxd5 3.Nc3 Qd6 4.d4 Nf6 5.Nf3 g6 6.Nb5 Qb6 7.a4 a6 8.Na3 Bg7
9.Nc4 Qa7 10.Nce5 O-O 11.Bc4 e6 12.O-O Nd5 13.Qe2 Nd7 14.Re1 Nxe5 15.dxe5 Bd7
16.Qe4 Nb6 17.Bb3 Bc6 18.Qf4 Bxf3 19.Qxf3 Nd7 20.Bf4 Rad8 21.h4 h6 22.Rad1 Qb6
23.Qg3 Nc5 24.Qe3 Kh7 25.h5 Nxb3 26.Rxd8 Rxd8 27.hxg6+ fxg6 28.cxb3 Qxe3
29.Rxe3 g5 30.Bg3 Kg6 31.Re4 Rd5 32.Rc4 c6 33.Kf1 Rd2 34.Ke1 Rxb2 35.Rc3 h5  0-1

[Event "Hungarian National Open 2013"]
[Site "Zalakaros HUN"]
[Date "2013.05.23"]
[Round "2"]
[White "Boros,De"]
[Black "Kernazhitsky,L"]
[Result "1-0"]
[WhiteElo "2498"]
[BlackElo "2305"]

1.e4 d5 2.exd5 Qxd5 3.Nc3 Qd6 4.d4 Nf6 5.Nf3 g6 6.Bc4 Bg7 7.O-O O-O 8.h3 a6
9.a4 Nc6 10.b3 Nb4 11.Ba3 c5 12.a5 Qc7 13.dxc5 Nc6 14.b4 Bf5 15.Qe2 e5 16.Rad1 Rfe8
17.Nd5 Nxd5 18.Bxd5 Re7 19.Qc4 e4 20.Ng5 Ne5 21.Qb3 e3 22.fxe3 Bh6 23.e4 Bxg5
24.exf5 Kg7 25.Qg3 f6 26.Bb2 Rae8 27.Kh1 Nf7 28.Qc3 Re3 29.Qd4 Ne5 30.Bc1 Nc6
31.Bxc6  1-0

[Event "Gligoric Cup 2013"]
[Site "Banja Koviljaca SRB"]
[Date "2013.05.24"]
[Round "5.5"]
[White "Ristic,Nen"]
[Black "Adzic,Mo"]
[Result "1-0"]
[WhiteElo "2432"]
[BlackElo "2266"]

1.e4 d5 2.exd5 Qxd5 3.Nc3 Qd6 4.d4 Nf6 5.Nf3 a6 6.g3 Nc6 7.Bf4 Qd8 8.Bg2 Bg4
9.O-O e6 10.h3 Bxf3 11.Bxf3 Be7 12.d5 exd5 13.Nxd5 Nxd5 14.Bxd5 O-O 15.Be4 Bd6
16.Bxd6 cxd6 17.Qd3 g6 18.Rad1 Qb6 19.b3 Rad8 20.c4 Rfe8 21.Rfe1 Re6 22.Bg2 Rde8
23.Rxe6 Rxe6 24.Qd2 h5 25.Qf4 Ne7 26.Bf3 Kg7 27.Kg2 Nf5 28.Bxh5 Qa5 29.Bg4 Qxa2
30.Bxf5 gxf5 31.Rd3 Kg6 32.h4 Kg7 33.Qxf5 Rf6 34.Qg4+ Kf8 35.Qd4 Re6 36.c5 dxc5
37.Qd8+  1-0